000
00316nam a2200121Ia 4500
008
190216s9999||||xx |||||||||||||| ||und||
100
_a
William J Goode
245
0
_a
Principles Of Sociology
260
_b
Tata Mcgraw Hill Publishing Company Ltd
_c
1977
300
_a
543p
650
_a
Political Science
942
_c
BK
999
_c
34836
_d
34836